000
00306nam a22001337a 4500
008
171102b xxu||||| |||| 00| 0 eng d
020
_a
2900750659801
041
_a
eng
080
_2
3RD
_a
339.138
100
_a
60
101
_a
MAR
245
_a
CREATING POWERFUL BRAND
_c
CHERNATONY,L.D
942
_2
udc
_c
BK
999
_c
37324
_d
37324